书目信息 |
| 题名: |
美国保险法精解
|
|
| 作者: | 杰瑞, , 里士满, 著 ;李之彦 译 | |
| 分册: | ||
| 出版信息: | 北京 北京大学出版社 2009.01 |
|
| 页数: | 382页 | |
| 开本: | 23cm | |
| 丛书名: | 美国法精解书系 | |
| 单 册: | ||
| 中图分类: | D971.222.8 | |
| 科图分类: | ||
| 主题词: | 保险法--bao xian fa--研究--美国 | |
| 电子资源: | ||
| ISBN: | 978-7-301-14687-3 | |
| 000 | 01296nam 2200325 450 | |
| 001 | 012009297947 | |
| 005 | 20090623173739.67 | |
| 010 | @a978-7-301-14687-3@dCNY49.00 | |
| 100 | @a20090623d2009 em y0chi0120 ea | |
| 101 | 1 | @achi@ceng |
| 102 | @aCN@b110000 | |
| 105 | @ay z 001yy | |
| 106 | @ar | |
| 200 | 1 | @a美国保险法精解@Amei guo bao xian fa jing jie@d= Understanding insurance law@f(美) 小罗伯特·H. 杰瑞, 道格拉斯·R. 里士满作者@F(mei)xiao luo bo te·H.jie rui,dao ge la si·R.li shi man zuo zhe@g李之彦译者@Gli zhi yan yi zhe@zeng |
| 210 | @a北京@c北京大学出版社@d2009.01 | |
| 215 | @a382页@d23cm | |
| 225 | 2 | @a美国法精解书系@Amei guo fa jing jie shu xi |
| 305 | @a据原书第四版译出 | |
| 306 | @aLexisNexis律商联讯授权出版 | |
| 320 | @a有索引 | |
| 330 | @a本书是一本久负盛名的保险法著作,全书以保险合同的订立过程为主线,将纷繁复杂的保险合同法规则全面而系统地组织起来,便于读者理解和记忆。 | |
| 410 | 0 | @12001 @a美国法精解书系 |
| 500 | 10 | @aUnderstanding insurance law@mChinese |
| 606 | 0 | @a保险法@Abao xian fa@x研究@y美国 |
| 690 | @aD971.222.8@v4 | |
| 701 | 1 | @a杰瑞,@Ajie rui@b小罗伯特·H.@4著 |
| 701 | 1 | @a里士满,@Ali shi man@b道格拉斯·R.@4著 |
| 702 | 0 | @a李之彦@Ali zhi yan@4译 |
| 801 | 0 | @aCN@bQSSK@c20090623 |
| 905 | @b748655-57@dD971.222.8@eJ702@f3 | |
| 美国保险法精解= Understanding insurance law/(美) 小罗伯特·H. 杰瑞, 道格拉斯·R. 里士满作者/李之彦译者.-北京:北京大学出版社,2009.01 |
| 382页;23cm.-(美国法精解书系) |
| ISBN 978-7-301-14687-3:CNY49.00 |
| 本书是一本久负盛名的保险法著作,全书以保险合同的订立过程为主线,将纷繁复杂的保险合同法规则全面而系统地组织起来,便于读者理解和记忆。 |
| ● |
| 相关链接 |
|
|
|
正题名:美国保险法精解
索取号:D971.222.8/J702
 
预约/预借
| 序号 | 登录号 | 条形码 | 馆藏地/架位号 | 状态 | 备注 |
| 1 | 748655 | 207486558 | 社科库509/509社科库 108排2列2层/ [索取号:D971.222.8/J702] | 在馆 | |
| 2 | 748656 | 207486567 | 社科库509/509社科库 108排2列2层/ [索取号:D971.222.8/J702] | 在馆 | |
| 3 | 748657 | 207486576 | 社科库509/509社科库 108排2列2层/ [索取号:D971.222.8/J702] | 在馆 |